| 000 | 00732nam a2200193 i 4500 | ||
|---|---|---|---|
| 001 | 185249 | ||
| 003 | ES-MaACL | ||
| 005 | 20250903084241.0 | ||
| 008 | 160426s1869 fr |||| | fre d | ||
| 110 | 2 |
_aLibrairie Hachette et Cie. _9134630 |
|
| 245 | 1 | 1 |
_aPremière partie du catalogue : _béducation et enseignement : decembre 1869. |
| 260 |
_aParis : _bLibrairie Hachette et Cie., _c1869. |
||
| 300 |
_a80 p. ; _c23 cm. |
||
| 610 | 2 | 4 |
_aLibrairie Hachette et Cie.- _vCatálogos. _9159024 |
| 650 | 4 |
_aCatálogos de editores- _zFrancia _912068 |
|
| 650 | 7 |
_aCatálogos de editores- _yS.XIX _2 _9169796 |
|
| 852 |
_aES-MaACL _jT-206-F-10 _z.- Enc. en un vol. facticio, falto de la cub. original |
||
| 999 |
_c185249 _d185249 |
||